|
|
|
|
| LEADER |
00862nab a2200193 i 4500 |
| 001 |
misc13436 |
| 005 |
20191106141414.0 |
| 008 |
170607s1987 hu o 0|| hun d |
| 022 |
|
|
|a 0025-0260
|
| 040 |
|
|
|a SZTE Miscellanea Repozitórium
|b hun
|
| 041 |
|
|
|a hun
|
| 100 |
1 |
|
|a Réthy Endréné
|
| 245 |
1 |
0 |
|a M. V. Matjuhina
|h [elektronikus dokumentum] :
|b Motivacija ucsenyija mladsih skolnyikov : kisiskolások tanulásának motivációja : [könyvismertetés] /
|c Réthy Endréné
|
| 260 |
|
|
|c 1987
|
| 300 |
|
|
|a 85-89
|
| 490 |
0 |
|
|a Magyar pedagógia : a Magyar Tudományos Akadémia Pedagógiai Bizottságának folyóirata
|v 87 No. 1
|
| 695 |
|
|
|a Közoktatás általános iskola alsó tagozat motiváció, Könyvismertetés, Tanulási motiváció
|
| 700 |
0 |
1 |
|a Matjuhina M. V.
|
| 856 |
4 |
0 |
|u http://misc.bibl.u-szeged.hu/13436/1/mp_1987_001_5834_085-089.pdf
|z Dokumentum-elérés
|